000 00650nam a2200277Ia 4500
005 20260324122308.0
008 008 260324s9999 xx 000 0 eng d
020 _a9780203427156
037 _aEBOOK
040 _aCRL
040 _beng
040 _cCRL
041 _2eng
041 _aeng
084 _qCRL
100 _aÅge Mariussen; Seija Virkkala
_91165897
245 0 _aLearning Transnational Learning
260 _bTaylor and Francis
260 _c2013
365 _a
365 _b240
856 _uhttp://www.taylorfrancis.com/books/9780203427156
942 _cEBOOK
999 _c1758515
_d1758515